000 00600nam a2200229Ia 4500
005 20260320201928.0
008 008 262003s9999 xx 000 0 eng d
037 _aEBOOK
040 _aCRL
040 _beng
040 _cCRL
041 _2eng
041 _aeng
084 _qCRL
100 _aDingli
_91136333
245 0 _aNeuro-Symbolic AI: Design transparent and trustworthy systems that understand the world as you do
260 _bIEEE
856 _uhttps://ieeexplore.ieee.org/servlet/opac?bknumber=10251249
942 _cEBOOK
999 _c1724329
_d1724329